[Event "Bundesliga 9495"]
[Site "Deutschland"]
[Date "1995.??.??"]
[Round "?.2"]
[White "King, Daniel J"]
[Black "Espig, Lutz"]
[Result "1-0"]
[WhiteElo "2500"]
[BlackElo "2430"]
[PlyCount "97"]
[EventDate "1994.10.??"]
[EventType "team"]
[EventRounds "15"]
[EventCountry "GER"]
[SourceTitle "Bundesliga 9495"]
[Source "DeepChess"]
[SourceDate "2005.01.01"]
[SourceVersion "1"]
[SourceVersionDate "2005.01.01"]
[SourceQuality "1"]
[WhiteTeam "SV Castrop Rauxel 1923"]
[BlackTeam "PSV Turm Duisburg 1920 e.V."]
[WhiteTeamCountry "GER"]
[BlackTeamCountry "GER"]

1. g3 c5 2. Bg2 g6 3. e4 Bg7 4. d3 Nc6 5. f4 d6 6. Nf3 e6 7. O-O Nge7 8. c3 O-O
9. Be3 b6 10. Na3 Bb7 11. Bf2 e5 12. f5 gxf5 13. Nh4 fxe4 14. dxe4 f5 15. Nc4
Ba6 16. Nxd6 Bxf1 17. Bxf1 fxe4 18. Bc4+ Kh8 19. Nf7+ Rxf7 20. Bxf7 Qd3 21. Qe1
Rd8 22. Be3 Qc2 23. Bb3 Qxb2 24. Rb1 Qa3 25. Bg5 c4 26. Bc2 Qc5+ 27. Kh1 e3 28.
Bxe3 Qd5+ 29. Kg1 Qe6 30. Bg5 Qg4 31. Qe4 Qxe4 32. Bxe4 Rd6 33. Rf1 Kg8 34. Bc1
Bh6 35. Bxh6 Rxh6 36. Rd1 Kf7 37. Nf3 b5 38. Ng5+ Ke8 39. Nxh7 b4 40. cxb4 Nxb4
41. Rc1 Nxa2 42. Rxc4 Rd6 43. Ng5 Rd1+ 44. Kg2 Nd5 45. Ra4 Nac3 46. Rxa7 Rd2+
47. Kh3 Nxe4 48. Nxe4 Rd4 49. Nd6+ 1-0

[Event "Bundesliga 9495"]
[Site "Deutschland"]
[Date "1995.??.??"]
[Round "?.3"]
[White "Gruenberg, Hans Ulrich"]
[Black "Libeau, Rene"]
[Result "0-1"]
[WhiteElo "2470"]
[BlackElo "2470"]
[PlyCount "92"]
[EventDate "1994.10.??"]
[EventType "team"]
[EventRounds "15"]
[EventCountry "GER"]
[SourceTitle "Bundesliga 9495"]
[Source "DeepChess"]
[SourceDate "2005.01.01"]
[SourceVersion "1"]
[SourceVersionDate "2005.01.01"]
[SourceQuality "1"]
[WhiteTeam "PSV Turm Duisburg 1920 e.V."]
[BlackTeam "SV Castrop Rauxel 1923"]
[WhiteTeamCountry "GER"]
[BlackTeamCountry "GER"]

1. d4 Nf6 2. c4 e6 3. Nf3 Bb4+ 4. Bd2 Qe7 5. g3 Nc6 6. Nc3 Bxc3 7. Bxc3 Ne4 8.
Rc1 O-O 9. Bg2 d6 10. Qc2 Nxc3 11. Qxc3 a5 12. a3 a4 13. O-O e5 14. d5 Nb8 15.
Nd2 Nd7 16. f4 exf4 17. gxf4 Qxe2 18. Rce1 Qh5 19. Ne4 Nc5 20. Nxc5 dxc5 21.
Re7 Ra6 22. Qe5 Qh4 23. Qg5 Qxg5 24. fxg5 Rg6 25. h4 h6 26. Be4 f5 27. Rxc7
hxg5 28. h5 Rgf6 29. Bc2 b6 30. Bxa4 f4 31. Re1 Bf5 32. Ree7 R6f7 33. d6 g4 34.
Bc6 f3 35. Rxf7 Rxf7 36. Kf2 Rxc7 37. dxc7 Bc8 38. b4 Kf8 39. bxc5 bxc5 40. a4
Ke7 41. a5 Kd6 42. Bd5 Kxc7 43. Kg3 Kb8 44. Bc6 Ka7 45. Bb5 Be6 46. Kf2 Bf7 0-1

[Event "Bundesliga 9495"]
[Site "Deutschland"]
[Date "1995.??.??"]
[Round "?.4"]
[White "Appel, Ralf"]
[Black "Moiseev, Viktor"]
[Result "1/2-1/2"]
[WhiteElo "2430"]
[BlackElo "2455"]
[PlyCount "84"]
[EventDate "1994.10.??"]
[EventType "team"]
[EventRounds "15"]
[EventCountry "GER"]
[SourceTitle "Bundesliga 9495"]
[Source "DeepChess"]
[SourceDate "2005.01.01"]
[SourceVersion "1"]
[SourceVersionDate "2005.01.01"]
[SourceQuality "1"]
[WhiteTeam "SV Castrop Rauxel 1923"]
[BlackTeam "PSV Turm Duisburg 1920 e.V."]
[WhiteTeamCountry "GER"]
[BlackTeamCountry "GER"]

1. d4 Nf6 2. Nf3 e6 3. g3 c5 4. Bg2 Qa5+ 5. Nbd2 cxd4 6. O-O Qc7 7. Nxd4 a6 8.
c4 Be7 9. b3 O-O 10. Bb2 d6 11. Rc1 Bd7 12. Ne4 Nxe4 13. Bxe4 Nc6 14. Nc2 Rfd8
15. Qd2 Rac8 16. Ne3 Qb8 17. Ng4 f5 18. Qc3 e5 19. Bd5+ Kh8 20. Ne3 Bf6 21. Bg2
Ne7 22. Rcd1 b5 23. Qa5 bxc4 24. Nxc4 Bb5 25. Ba3 Nc6 26. Qb6 Qxb6 27. Nxb6 Rb8
28. Nc4 Nd4 29. e3 d5 30. Nd6 Bxf1 31. Kxf1 Nb5 32. Nf7+ Kg8 33. Nxd8 Rxd8 34.
Bb2 d4 35. exd4 exd4 36. Bb7 Nc3 37. Bxc3 dxc3 38. Rxd8+ Bxd8 39. Ke2 a5 40.
Bc8 g6 41. Kd3 Bf6 42. a3 Be7 1/2-1/2

[Event "Bundesliga 9495"]
[Site "Deutschland"]
[Date "1995.??.??"]
[Round "?.5"]
[White "Malich, Burkhard"]
[Black "Sehner, Norbert"]
[Result "0-1"]
[WhiteElo "2405"]
[BlackElo "2410"]
[PlyCount "80"]
[EventDate "1994.10.??"]
[EventType "team"]
[EventRounds "15"]
[EventCountry "GER"]
[SourceTitle "Bundesliga 9495"]
[Source "DeepChess"]
[SourceDate "2005.01.01"]
[SourceVersion "1"]
[SourceVersionDate "2005.01.01"]
[SourceQuality "1"]
[WhiteTeam "PSV Turm Duisburg 1920 e.V."]
[BlackTeam "SV Castrop Rauxel 1923"]
[WhiteTeamCountry "GER"]
[BlackTeamCountry "GER"]

1. Nf3 d5 2. d4 c6 3. c4 e6 4. g3 dxc4 5. Bg2 b5 6. O-O Bb7 7. a4 a6 8. b3 cxb3
9. Nbd2 Nd7 10. Nxb3 b4 11. Nfd2 Ngf6 12. Nc4 Rc8 13. Qc2 Be7 14. Rd1 O-O 15.
a5 Nd5 16. Bb2 Qc7 17. e4 Nc3 18. Bxc3 bxc3 19. Qxc3 c5 20. Rac1 Bf6 21. Nb6
Nxb6 22. axb6 Qxb6 23. Nxc5 Bc6 24. Qe3 Bb5 25. h4 Be7 26. Bf1 e5 27. Nb3 Rxc1
28. Rxc1 Bxf1 29. Kxf1 exd4 30. Qd3 h6 31. Ra1 Rb8 32. Nd2 Qb5 33. Qxb5 axb5
34. Ke2 Bb4 35. Nb3 Bc3 36. Ra2 b4 37. Kd3 h5 38. Ra7 g6 39. e5 Re8 40. Nxd4
Rd8 0-1

[Event "Bundesliga 9495"]
[Site "Deutschland"]
[Date "1995.??.??"]
[Round "?.6"]
[White "Dinstuhl, Volkmar"]
[Black "Himmel, Hansjoerg"]
[Result "1-0"]
[WhiteElo "2350"]
[BlackElo "2355"]
[PlyCount "125"]
[EventDate "1994.10.??"]
[EventType "team"]
[EventRounds "15"]
[EventCountry "GER"]
[SourceTitle "Bundesliga 9495"]
[Source "DeepChess"]
[SourceDate "2005.01.01"]
[SourceVersion "1"]
[SourceVersionDate "2005.01.01"]
[SourceQuality "1"]
[WhiteTeam "SV Castrop Rauxel 1923"]
[BlackTeam "PSV Turm Duisburg 1920 e.V."]
[WhiteTeamCountry "GER"]
[BlackTeamCountry "GER"]

1. d4 Nf6 2. c4 g6 3. Nc3 d5 4. Bf4 Bg7 5. e3 O-O 6. Rc1 c6 7. Nf3 dxc4 8. Bxc4
Nbd7 9. O-O Nb6 10. Bb3 Bg4 11. h3 Bxf3 12. Qxf3 e6 13. Bg5 h6 14. Bh4 Qe7 15.
Ne4 Nbd7 16. Nxf6+ Bxf6 17. Bg3 Rad8 18. Rfd1 Nb6 19. Qe4 Rd7 20. Rc5 Rfd8 21.
Rdc1 Nc8 22. Be5 Bxe5 23. Rxe5 Rd6 24. Qg4 Nb6 25. Ra5 a6 26. h4 Nd5 27. Rac5
Nf6 28. Qf3 Kg7 29. g3 Nd7 30. Ra5 Nf6 31. Qe2 Nd7 32. Qe1 Nf6 33. Qb4 Qc7 34.
Bd1 R6d7 35. Rac5 Qd6 36. Bf3 Qe7 37. a4 Nd5 38. Qb3 Qf6 39. Kg2 Ne7 40. Qa3
Nc8 41. Be2 Rd5 42. b4 Nd6 43. Bd3 Rxc5 44. Rxc5 Ra8 45. Ra5 Rd8 46. Qb2 Rd7
47. Rc5 h5 48. b5 axb5 49. axb5 Nxb5 50. Bxb5 cxb5 51. Rxb5 Qe7 52. e4 Kh7 53.
Rb6 Rc7 54. Qb5 Qd7 55. Qe5 Rc4 56. d5 exd5 57. exd5 Rc5 58. Rd6 Qc7 59. Qf6
Rc2 60. Rd8 Rxf2+ 61. Kxf2 Qc2+ 62. Kg1 Qb1+ 63. Kg2 1-0

[Event "Bundesliga 9495"]
[Site "Deutschland"]
[Date "1995.??.??"]
[Round "?.7"]
[White "Kilian, Ralf"]
[Black "Hennig, Dirk"]
[Result "1/2-1/2"]
[WhiteElo "2226"]
[BlackElo "2345"]
[PlyCount "60"]
[EventDate "1994.10.??"]
[EventType "team"]
[EventRounds "15"]
[EventCountry "GER"]
[SourceTitle "Bundesliga 9495"]
[Source "DeepChess"]
[SourceDate "2005.01.01"]
[SourceVersion "1"]
[SourceVersionDate "2005.01.01"]
[SourceQuality "1"]
[WhiteTeam "PSV Turm Duisburg 1920 e.V."]
[BlackTeam "SV Castrop Rauxel 1923"]
[WhiteTeamCountry "GER"]
[BlackTeamCountry "GER"]

1. e4 c5 2. Nf3 Nc6 3. d4 cxd4 4. Nxd4 e5 5. Nb5 d6 6. c4 Be7 7. Bd3 Nf6 8.
N1c3 a6 9. Na3 O-O 10. O-O Ne8 11. Nd5 Bg5 12. Nc2 Bxc1 13. Rxc1 Nc7 14. Nxc7
Qxc7 15. Ne3 Qa5 16. Bb1 Nd4 17. Nf5 Bxf5 18. exf5 Rac8 19. Rc3 Qd8 20. Qg4 Qf6
21. Be4 Rc7 22. Rfc1 Rfc8 23. h3 a5 24. Kf1 b6 25. h4 Kf8 26. Qg5 Ke7 27. Qxf6+
gxf6 28. f3 Rg8 29. h5 Rgc8 30. a4 h6 1/2-1/2

[Event "Bundesliga 9495"]
[Site "Deutschland"]
[Date "1995.??.??"]
[Round "?.8"]
[White "Hille, Ralph Ingo"]
[Black "Quast, Michael"]
[Result "1/2-1/2"]
[WhiteElo "2265"]
[BlackElo "2172"]
[PlyCount "35"]
[EventDate "1994.10.??"]
[EventType "team"]
[EventRounds "15"]
[EventCountry "GER"]
[SourceTitle "Bundesliga 9495"]
[Source "DeepChess"]
[SourceDate "2005.01.01"]
[SourceVersion "1"]
[SourceVersionDate "2005.01.01"]
[SourceQuality "1"]
[WhiteTeam "SV Castrop Rauxel 1923"]
[BlackTeam "PSV Turm Duisburg 1920 e.V."]
[WhiteTeamCountry "GER"]
[BlackTeamCountry "GER"]

1. d4 d6 2. g3 Nf6 3. Bg2 g6 4. e4 Bg7 5. Nc3 O-O 6. Nge2 e5 7. h3 Nc6 8. Be3
Nd7 9. g4 Nb6 10. dxe5 dxe5 11. Bc5 Re8 12. Qxd8 Nxd8 13. b3 Nd7 14. Be3 Ne6
15. Rd1 Bf8 16. O-O c6 17. Nb1 b6 18. Rd2 1/2-1/2

[Event "Bundesliga 9495"]
[Site "Deutschland"]
[Date "1994.??.??"]
[Round "?.2"]
[White "Unzicker, Wolfgang"]
[Black "Shirov, Alexei"]
[Result "0-1"]
[WhiteElo "2430"]
[BlackElo "2740"]
[PlyCount "62"]
[EventDate "1994.10.??"]
[EventType "team"]
[EventRounds "15"]
[EventCountry "GER"]
[SourceTitle "Bundesliga 9495"]
[Source "DeepChess"]
[SourceDate "2005.01.01"]
[SourceVersion "1"]
[SourceVersionDate "2005.01.01"]
[SourceQuality "1"]
[WhiteTeam "PSV Turm Duisburg 1920 e.V."]
[BlackTeam "SV Empor Berlin e.V."]
[WhiteTeamCountry "GER"]
[BlackTeamCountry "GER"]

1. e4 c5 2. Nf3 d6 3. d4 cxd4 4. Nxd4 Nf6 5. Nc3 Nc6 6. Bg5 e6 7. Qd2 a6 8.
O-O-O h6 9. Bf4 Bd7 10. Nxc6 Bxc6 11. f3 d5 12. Qe1 Bb4 13. a3 Ba5 14. Bd2 Rc8
15. e5 Nd7 16. Qg3 g6 17. Bd3 Nc5 18. Kb1 b5 19. Ne2 Bxd2 20. Rxd2 a5 21. Qf2
Bd7 22. Qd4 b4 23. axb4 axb4 24. Qxb4 O-O 25. Nc1 Qc7 26. Qd4 Ra8 27. b4 Rfb8
28. c3 Nxd3 29. Rxd3 Qa5 30. Rd2 Qa1+ 31. Kc2 Rc8 0-1

[Event "Bundesliga 9495"]
[Site "Deutschland"]
[Date "1994.??.??"]
[Round "?.3"]
[White "Luther, Thomas"]
[Black "Espig, Lutz"]
[Result "0-1"]
[WhiteElo "2510"]
[BlackElo "2470"]
[PlyCount "66"]
[EventDate "1994.10.??"]
[EventType "team"]
[EventRounds "15"]
[EventCountry "GER"]
[SourceTitle "Bundesliga 9495"]
[Source "DeepChess"]
[SourceDate "2005.01.01"]
[SourceVersion "1"]
[SourceVersionDate "2005.01.01"]
[SourceQuality "1"]
[WhiteTeam "SV Empor Berlin e.V."]
[BlackTeam "PSV Turm Duisburg 1920 e.V."]
[WhiteTeamCountry "GER"]
[BlackTeamCountry "GER"]

1. e4 c5 2. Nf3 Nc6 3. d4 cxd4 4. Nxd4 g6 5. c4 Bg7 6. Be3 Nf6 7. Nc3 Ng4 8.
Qxg4 Nxd4 9. Qd1 e5 10. Nb5 O-O 11. Qd2 Qh4 12. Bd3 d5 13. exd5 Bh3 14. Bxd4
exd4 15. gxh3 a6 16. Na3 Rfe8+ 17. Kd1 Bh6 18. f4 Bxf4 19. Qg2 Re3 20. Kc2 Bd6
21. Nb1 Rae8 22. Nd2 Rxd3 23. Kxd3 Re3+ 24. Kc2 d3+ 25. Kb3 Re2 26. Qf3 Rxd2
27. Rhf1 f5 28. Qe3 b5 29. Rac1 Re2 30. Qxd3 Qe7 31. Rf3 bxc4+ 32. Qxc4 Qb7+
33. Ka4 Re4 0-1

[Event "Bundesliga 9495"]
[Site "Deutschland"]
[Date "1994.??.??"]
[Round "?.4"]
[White "Mohr, Stefan"]
[Black "Rabiega, Robert"]
[Result "0-1"]
[WhiteElo "2455"]
[BlackElo "2475"]
[PlyCount "80"]
[EventDate "1994.10.??"]
[EventType "team"]
[EventRounds "15"]
[EventCountry "GER"]
[SourceTitle "Bundesliga 9495"]
[Source "DeepChess"]
[SourceDate "2005.01.01"]
[SourceVersion "1"]
[SourceVersionDate "2005.01.01"]
[SourceQuality "1"]
[WhiteTeam "PSV Turm Duisburg 1920 e.V."]
[BlackTeam "SV Empor Berlin e.V."]
[WhiteTeamCountry "GER"]
[BlackTeamCountry "GER"]

1. d4 d5 2. c4 e6 3. Nc3 Nf6 4. cxd5 exd5 5. Bg5 c6 6. Qc2 Be7 7. e3 Nbd7 8.
Bd3 O-O 9. Nf3 Re8 10. h3 Nf8 11. O-O-O Be6 12. g4 N6d7 13. Bxe7 Qxe7 14. Kb1
Rac8 15. Rhg1 a6 16. h4 c5 17. Ng5 h6 18. Nxe6 Nxe6 19. g5 cxd4 20. exd4 hxg5
21. hxg5 g6 22. f4 Nxf4 23. Qh2 Qe3 24. Rh1 Nh5 25. Be2 Rxc3 26. Bxh5 Rd3 27.
Rxd3 Qxd3+ 28. Ka1 gxh5 29. Qxh5 Qxd4 30. g6 Re7 31. Qh7+ Kf8 32. gxf7 Rxf7 33.
Qh6+ Kg8 34. a3 Nf8 35. Rh4 Qg1+ 36. Ka2 Rh7 37. Qf4 Rxh4 38. Qxh4 Qg6 39. Qe7
Qf7 40. Qg5+ Ng6 0-1

[Event "Bundesliga 9495"]
[Site "Deutschland"]
[Date "1994.??.??"]
[Round "?.5"]
[White "Muse, Mladen"]
[Black "Gruenberg, Hans Ulrich"]
[Result "1/2-1/2"]
[WhiteElo "2455"]
[BlackElo "2460"]
[PlyCount "89"]
[EventDate "1994.10.??"]
[EventType "team"]
[EventRounds "15"]
[EventCountry "GER"]
[SourceTitle "Bundesliga 9495"]
[Source "DeepChess"]
[SourceDate "2005.01.01"]
[SourceVersion "1"]
[SourceVersionDate "2005.01.01"]
[SourceQuality "1"]
[WhiteTeam "SV Empor Berlin e.V."]
[BlackTeam "PSV Turm Duisburg 1920 e.V."]
[WhiteTeamCountry "GER"]
[BlackTeamCountry "GER"]

1. Nc3 d5 2. Nf3 Nf6 3. d3 e6 4. Bg5 Be7 5. e3 b6 6. Be2 Bb7 7. O-O O-O 8. Re1
c5 9. Bf1 Nc6 10. e4 h6 11. exd5 Nxd5 12. Bxe7 Ndxe7 13. g3 Nd4 14. Bg2 Bxf3
15. Bxf3 Nxf3+ 16. Qxf3 Nf5 17. Rac1 Qd7 18. Qg2 Rad8 19. Ne4 Qd5 20. Nc3 Qd7
21. a4 Nd4 22. b3 Rc8 23. Re3 Rc7 24. g4 Qc6 25. Nb5 Qxg2+ 26. Kxg2 Rd7 27. h3
Rfd8 28. Kf1 g6 29. Ke1 Kg7 30. Kd2 Kf6 31. Nc3 Kg7 32. Nb5 Nc6 33. Na3 Rd4 34.
Ke2 Ne7 35. Nb5 R4d7 36. f4 Nc6 37. Rf1 Nd4+ 38. Kd2 a6 39. Nxd4 Rxd4 40. Kc3
R8d6 41. Re5 a5 42. Re3 Kf6 43. Ref3 R6d5 44. Re3 Rd7 45. Ref3 1/2-1/2

[Event "Bundesliga 9495"]
[Site "Deutschland"]
[Date "1994.??.??"]
[Round "?.6"]
[White "Moiseev, Viktor"]
[Black "Poldauf, Dirk"]
[Result "0-1"]
[WhiteElo "2450"]
[BlackElo "2445"]
[PlyCount "84"]
[EventDate "1994.10.??"]
[EventType "team"]
[EventRounds "15"]
[EventCountry "GER"]
[SourceTitle "Bundesliga 9495"]
[Source "DeepChess"]
[SourceDate "2005.01.01"]
[SourceVersion "1"]
[SourceVersionDate "2005.01.01"]
[SourceQuality "1"]
[WhiteTeam "PSV Turm Duisburg 1920 e.V."]
[BlackTeam "SV Empor Berlin e.V."]
[WhiteTeamCountry "GER"]
[BlackTeamCountry "GER"]

1. e4 e6 2. d4 d5 3. Nd2 Nf6 4. e5 Nfd7 5. c3 c5 6. Bd3 Nc6 7. Ne2 cxd4 8. cxd4
f6 9. exf6 Nxf6 10. O-O Bd6 11. Nf3 Qc7 12. Nc3 a6 13. Bg5 O-O 14. Bh4 Nh5 15.
Re1 g6 16. Bg5 Qg7 17. Be3 Nf4 18. Bf1 g5 19. g3 g4 20. Nh4 Nh3+ 21. Bxh3 gxh3
22. Qh5 Bd7 23. Bh6 Qxd4 24. Nf3 Qf6 25. Bxf8 Rxf8 26. Qg5+ Qxg5 27. Nxg5 Nd4
28. Red1 Bc5 29. Rd3 Bc6 30. Rad1 h6 31. Rxd4 Bxd4 32. Rxd4 hxg5 33. Rg4 Rf5
34. f4 d4 35. Nb1 Kf7 36. fxg5 e5 37. g6+ Kg7 38. Nd2 Rf6 39. Rg5 e4 40. Re5 e3
41. Ne4 d3 42. Re7+ Kxg6 0-1

[Event "Bundesliga 9495"]
[Site "Deutschland"]
[Date "1994.??.??"]
[Round "?.7"]
[White "Volke, Karsten"]
[Black "Malich, Burkhard"]
[Result "1-0"]
[WhiteElo "2440"]
[BlackElo "2415"]
[PlyCount "81"]
[EventDate "1994.10.??"]
[EventType "team"]
[EventRounds "15"]
[EventCountry "GER"]
[SourceTitle "Bundesliga 9495"]
[Source "DeepChess"]
[SourceDate "2005.01.01"]
[SourceVersion "1"]
[SourceVersionDate "2005.01.01"]
[SourceQuality "1"]
[WhiteTeam "SV Empor Berlin e.V."]
[BlackTeam "PSV Turm Duisburg 1920 e.V."]
[WhiteTeamCountry "GER"]
[BlackTeamCountry "GER"]

1. d4 d5 2. c4 c6 3. Nc3 Nf6 4. Nf3 e6 5. Bg5 Be7 6. e3 Nbd7 7. cxd5 Nxd5 8.
Bxe7 Qxe7 9. Nxd5 exd5 10. Bd3 Qb4+ 11. Qd2 Qxd2+ 12. Nxd2 a5 13. f3 Nf8 14.
Kf2 Ne6 15. Rhc1 O-O 16. a3 a4 17. Nb1 Bd7 18. Nc3 Ra5 19. Bf5 Rfa8 20. Bxe6
Bxe6 21. Re1 h6 22. Rad1 Rd8 23. Rd2 Kf8 24. h4 f6 25. g4 Kf7 26. Kg3 Bd7 27.
Kf4 Be8 28. Rde2 Kf8 29. Rg2 g5+ 30. Kg3 Bg6 31. f4 Re8 32. hxg5 hxg5 33. f5
Bf7 34. Rge2 Rd8 35. Rh2 Kg7 36. Reh1 Re8 37. Rh7+ Kf8 38. Kf3 Raa8 39. R1h6
Ke7 40. e4 dxe4+ 41. Nxe4 1-0

[Event "Bundesliga 9495"]
[Site "Deutschland"]
[Date "1994.??.??"]
[Round "?.8"]
[White "Himmel, Hansjoerg"]
[Black "Stern, Rene"]
[Result "1/2-1/2"]
[WhiteElo "2335"]
[BlackElo "2370"]
[PlyCount "82"]
[EventDate "1994.10.??"]
[EventType "team"]
[EventRounds "15"]
[EventCountry "GER"]
[SourceTitle "Bundesliga 9495"]
[Source "DeepChess"]
[SourceDate "2005.01.01"]
[SourceVersion "1"]
[SourceVersionDate "2005.01.01"]
[SourceQuality "1"]
[WhiteTeam "PSV Turm Duisburg 1920 e.V."]
[BlackTeam "SV Empor Berlin e.V."]
[WhiteTeamCountry "GER"]
[BlackTeamCountry "GER"]

1. e4 e5 2. Nf3 Nc6 3. Bb5 a6 4. Bxc6 dxc6 5. O-O Qd6 6. d3 Ne7 7. Be3 c5 8.
Nbd2 Nc6 9. Nc4 Qf6 10. Bg5 Qg6 11. Bd2 f6 12. Nh4 Qf7 13. f4 Be6 14. b3 exf4
15. Bxf4 O-O-O 16. Kh1 Qd7 17. Bg3 g6 18. Qd2 Be7 19. Rae1 b6 20. Nf3 Kb7 21.
Ne3 Rhf8 22. Ng1 Nd4 23. Ne2 f5 24. exf5 Nxf5 25. Nxf5 Bxf5 26. Bf4 Bh4 27. Ng3
Be6 28. Bg5 Bxg3 29. hxg3 Rde8 30. Bf4 Bd5 31. Kg1 Bc6 32. Rxe8 Rxe8 33. Re1
Rf8 34. Qe3 Qd5 35. Re2 g5 36. Bxc7 Re8 37. Be5 h6 38. Kh2 Re7 39. c4 Qf7 40.
Kg1 Qf5 41. d4 cxd4 1/2-1/2

[Event "Bundesliga 9495"]
[Site "Deutschland"]
[Date "1994.??.??"]
[Round "?.2"]
[White "Enders, Peter"]
[Black "Unzicker, Wolfgang"]
[Result "1/2-1/2"]
[WhiteElo "2450"]
[BlackElo "2430"]
[PlyCount "119"]
[EventDate "1994.10.??"]
[EventType "team"]
[EventRounds "15"]
[EventCountry "GER"]
[SourceTitle "Bundesliga 9495"]
[Source "DeepChess"]
[SourceDate "2005.01.01"]
[SourceVersion "1"]
[SourceVersionDate "2005.01.01"]
[SourceQuality "1"]
[WhiteTeam "SV Erfurt West 90"]
[BlackTeam "PSV Turm Duisburg 1920 e.V."]
[WhiteTeamCountry "GER"]
[BlackTeamCountry "GER"]

1. e4 e5 2. Nf3 Nc6 3. Bb5 a6 4. Ba4 Nf6 5. O-O Nxe4 6. d4 b5 7. Bb3 d5 8. dxe5
Be6 9. Nbd2 Nc5 10. c3 Be7 11. Bc2 Bg4 12. Re1 O-O 13. Nf1 Qd7 14. Ne3 Bxf3 15.
Qxf3 Nxe5 16. Qxd5 Qxd5 17. Nxd5 Bd6 18. Rd1 Rad8 19. h3 c6 20. Nf4 Rfe8 21.
Kf1 Bf8 22. Rxd8 Rxd8 23. b3 g6 24. Be3 Nb7 25. Rd1 Rxd1+ 26. Bxd1 Bc5 27. Bd4
Bxd4 28. cxd4 Nd7 29. Bf3 Nd8 30. Nd3 Kf8 31. Nb4 Nb8 32. Ke2 Ke7 33. Ke3 Kd6
34. h4 a5 35. Nd3 Nd7 36. g3 Ne6 37. b4 axb4 38. Nxb4 Nd8 39. Kd3 Nb6 40. Kc3
Nd7 41. Nc2 Ne6 42. Kb4 Nb6 43. Ka5 Nc4+ 44. Kb4 Nc7 45. Kc3 Nb6 46. Nb4 Nbd5+
47. Nxd5 Nxd5+ 48. Kd2 Nb4 49. a3 Nd5 50. Bd1 h6 51. Bb3 f5 52. Bc2 Ke6 53. a4
bxa4 54. Bxa4 Kd6 55. Bc2 Ke6 56. Bb3 Kd6 57. Kd3 g5 58. hxg5 hxg5 59. Bd1 c5
60. dxc5+ 1/2-1/2

[Event "Bundesliga 9495"]
[Site "Deutschland"]
[Date "1994.??.??"]
[Round "?.3"]
[White "Espig, Lutz"]
[Black "Casper, Thomas"]
[Result "1/2-1/2"]
[WhiteElo "2470"]
[BlackElo "2435"]
[PlyCount "54"]
[EventDate "1994.10.??"]
[EventType "team"]
[EventRounds "15"]
[EventCountry "GER"]
[SourceTitle "Bundesliga 9495"]
[Source "DeepChess"]
[SourceDate "2005.01.01"]
[SourceVersion "1"]
[SourceVersionDate "2005.01.01"]
[SourceQuality "1"]
[WhiteTeam "PSV Turm Duisburg 1920 e.V."]
[BlackTeam "SV Erfurt West 90"]
[WhiteTeamCountry "GER"]
[BlackTeamCountry "GER"]

1. Nf3 Nf6 2. c4 d6 3. g3 e5 4. Bg2 c6 5. d3 Be7 6. O-O Nbd7 7. Nc3 O-O 8. Rb1
Re8 9. Nd2 Nb6 10. b4 d5 11. b5 cxb5 12. Nxb5 dxc4 13. Nxc4 Nxc4 14. dxc4 Bf5
15. Ra1 Qc8 16. Be3 a6 17. Nd6 Bxd6 18. Qxd6 Bh3 19. Rfc1 Bxg2 20. Kxg2 Ng4 21.
Qa3 Qc6+ 22. f3 Rad8 23. Rab1 Nxe3+ 24. Qxe3 e4 25. f4 Rd3 26. Qb6 Rd2 27. Qxc6
bxc6 1/2-1/2

[Event "Bundesliga 9495"]
[Site "Deutschland"]
[Date "1994.??.??"]
[Round "?.4"]
[White "Jasnikowski, Zbigniew"]
[Black "Mohr, Stefan"]
[Result "1/2-1/2"]
[WhiteElo "2445"]
[BlackElo "2455"]
[PlyCount "111"]
[EventDate "1994.10.??"]
[EventType "team"]
[EventRounds "15"]
[EventCountry "GER"]
[SourceTitle "Bundesliga 9495"]
[Source "DeepChess"]
[SourceDate "2005.01.01"]
[SourceVersion "1"]
[SourceVersionDate "2005.01.01"]
[SourceQuality "1"]
[WhiteTeam "SV Erfurt West 90"]
[BlackTeam "PSV Turm Duisburg 1920 e.V."]
[WhiteTeamCountry "GER"]
[BlackTeamCountry "GER"]

1. d4 d6 2. Nf3 Bg4 3. e3 Nd7 4. c4 e5 5. Nc3 Ngf6 6. h3 Bh5 7. g4 Bg6 8. Nh4
Ne4 9. Nxg6 Nxc3 10. Qb3 hxg6 11. Qxc3 exd4 12. exd4 d5 13. cxd5 Bd6 14. Bg2
Qf6 15. g5 Qf5 16. Qe3+ Kd8 17. Be4 Qf4 18. Qxf4 Bxf4 19. Bxf4 Rh4 20. f3 Rxf4
21. Kf2 Rh4 22. Kg3 Rh8 23. d6 cxd6 24. Bxb7 Rb8 25. Bd5 Rf8 26. Bb3 Rb4 27.
Rac1 Rxd4 28. Rhd1 Rxd1 29. Rxd1 Ke7 30. Re1+ Kd8 31. Bd5 a5 32. Re3 Nb6 33.
Bc6 Kc7 34. Rc3 Kb8 35. Bb5 Kb7 36. Re3 Nd5 37. Re8 Rxe8 38. Bxe8 f6 39. Bxg6
fxg5 40. Be4 Kc6 41. Kg4 Kc5 42. Kxg5 Ne7 43. f4 d5 44. Bc2 Kd4 45. f5 Ke5 46.
a3 Nc6 47. h4 Nd4 48. Bd3 Nf3+ 49. Kg4 Ne1 50. Bf1 Nc2 51. Kg5 Nd4 52. Bd3 Nf3+
53. Kg4 Ne1 54. Bf1 Nc2 55. Kg5 Nd4 56. Bd3 1/2-1/2

[Event "Bundesliga 9495"]
[Site "Deutschland"]
[Date "1994.??.??"]
[Round "?.6"]
[White "Troyke, Christian"]
[Black "Malich, Burkhard"]
[Result "1/2-1/2"]
[WhiteElo "2355"]
[BlackElo "2415"]
[PlyCount "46"]
[EventDate "1994.10.??"]
[EventType "team"]
[EventRounds "15"]
[EventCountry "GER"]
[SourceTitle "Bundesliga 9495"]
[Source "DeepChess"]
[SourceDate "2005.01.01"]
[SourceVersion "1"]
[SourceVersionDate "2005.01.01"]
[SourceQuality "1"]
[WhiteTeam "SV Erfurt West 90"]
[BlackTeam "PSV Turm Duisburg 1920 e.V."]
[WhiteTeamCountry "GER"]
[BlackTeamCountry "GER"]

1. g3 g6 2. Bg2 Bg7 3. c4 c6 4. Nc3 Nf6 5. Nf3 d5 6. cxd5 cxd5 7. d4 O-O 8. O-O
Ne4 9. Nxe4 dxe4 10. Ne5 Qd5 11. b3 Nd7 12. Bb2 Nf6 13. Rc1 Qa5 14. a3 Be6 15.
Rc5 Qd8 16. b4 a5 17. bxa5 Rxa5 18. Qc2 Bd5 19. Rc1 h5 20. e3 Qb6 21. Rxa5 Qxa5
22. Nc4 Qa6 23. Nd2 Qe6 1/2-1/2